000 01811nam0a2200361 4500
001 RU\NLR\bibl\1231340
005 20250615114351.0
010 _a5-7944-1000-0
_b.
_9100
021 _aRU
_b2008-24535
_91349
035 _a(NLR Aleph) 001217608
090 _a117867
_c117867
100 _a20080423d2007 |||y0rusy50 ca
101 0 _arus
102 _aRU
105 _aa |||||||||
200 1 _aПрименение МДТТ в современном материаловедении (наноматериалы и нанотехнологии)
_eучебно-методическое пособие
_fВ.М. Пестренин, А.П. Скачков
_gФедер. агентство по образованию, ГОУ ВПО "Перм. гос. ун-т"
210 _aПермь
_cРИО Пермского государственного университета
_d2007
215 _a59 с.
_cил.
_d20
225 1 _aНациональный проект "Образование"
606 1 _aНаноструктуры
_jУчебно-методические пособия для высших учебных заведений
_xИсследование
_92424071
_3RU\NLR\auth\661443366
686 _a30.36я73
_vLBC/RL
_2rubbk
686 _aВ371.26я73-1
686 _aЗ844.1-01я73-1
700 1 _aПестренин
_bВ. М.
_gВалерий Михайлович
_4070
701 1 _4070
_aСкачков
_bА. П.
_cпреподаватель, информ. технологии
_gАндрей Павлович
_9166629
_3RU\NLR\AUTH\770166676
801 0 _aRU
_bПермская ГОУБ
_c20080423
_grcr
801 1 _aRU
_bПермская ГОУБ
_c20080423
801 2 _aRU
_bNLR
_c20080523
_grcr
830 _aавт. по кн.
942 _cBOOK
980 _aNB